[Event "Frauenbundesliga 2017-2018"]
[Site "Feffernitz, Grieskirchen, St. Veit/Glan"]
[Date "2018.04.07"]
[Round "8"]
[Board "1"]
[White "Borek, Jutta"]
[Black "Mar, Karmen"]
[Result "0-1"]
[WhiteElo "2031"]
[BlackElo "2047"]
[PlyCount "151"]
[EventDate "2017.11.24"]
[EventType "team"]
[EventRounds "9"]
[EventCountry "AUT"]
[WhiteTeam "ASVOE Pamhagen"]
[BlackTeam "SC Extraherb WS"]

1. c4 c6 2. g3 d5 3. Nf3 Bg4 4. Bg2 Nd7 5. d3 e6 6. Nbd2 Bd6 7. O-O Ne7 8. b3
O-O 9. Bb2 Re8 10. Qc2 f6 11. e4 dxe4 12. dxe4 e5 13. h3 Bh5 14. a3 a5 15. Bc3
b5 16. b4 a4 17. Qd3 Nf8 18. Rfd1 bxc4 19. Nxc4 Bc7 20. Qc2 Qb8 21. Nb2 Qa7 22.
Rd2 Bf7 23. Bf1 Kh8 24. Bc4 Bxc4 25. Nxc4 Qa6 26. Bb2 Qb5 27. Nd6 Bxd6 28. Rxd6
Rac8 29. Rc1 Red8 30. Rxd8 Rxd8 31. Rd1 Rc8 32. Qd3 Qb7 33. Qc2 Qb5 34. Rc1 Ne6
35. Qc4 Qxc4 36. Rxc4 Rd8 37. Kf1 Kg8 38. Ke2 Kf7 39. Ne1 h5 40. Nd3 h4 41. g4
Ng5 42. f4 exf4 43. Nxf4 Ng6 44. Nxg6 Kxg6 45. e5 fxe5 46. Rxc6+ Kh7 47. Rc3
Rd7 48. Re3 e4 49. Be5 Rf7 50. Bd6 Kg6 51. Bc5 Kf6 52. Rc3 Ke6 53. Bf2 Nf3 54.
b5 g5 55. b6 Ne5 56. Rc8 Nd3 57. Rc6+ Kd5 58. Rc7 Rxf2+ 59. Ke3 Rb2 60. b7 Nc5
61. Rg7 Rb3+ 62. Ke2 Rxb7 63. Rxg5+ Kd4 64. Rg8 Rb2+ 65. Kf1 Rh2 66. g5 Rxh3
67. g6 Rg3 68. g7 Ne6 69. Ra8 Nxg7 70. Rxa4+ Ke3 71. Rb4 Nf5 72. Rb3+ Kd4 73.
Rb4+ Ke3 74. a4 Kf3 75. Rb5 Ne3+ 76. Ke1  0-1

[Event "Frauenbundesliga 2017-2018"]
[Site "Feffernitz, Grieskirchen, St. Veit/Glan"]
[Date "2018.04.07"]
[Round "8"]
[Board "2"]
[White "Landl, Margot"]
[Black "Mira, Helene"]
[Result "0-1"]
[WhiteElo "1903"]
[BlackElo "2075"]
[PlyCount "60"]
[EventDate "2017.11.24"]
[EventType "team"]
[EventRounds "9"]
[EventCountry "AUT"]
[WhiteTeam "SC Extraherb WS"]
[BlackTeam "ASVOE Pamhagen"]

1. e4 g6 2. d4 c6 3. Nc3 Bg7 4. Nf3 Nf6 5. h3 d5 6. Bd3 dxe4 7. Nxe4 Nxe4 8.
Bxe4 c5 9. c3 cxd4 10. cxd4 O-O 11. O-O Nd7 12. Bf4 Nf6 13. Bc2 Be6 14. Re1 Qb6
15. Ng5 Bd5 16. Rxe7 Qxb2 17. Bb3 Bxb3 18. axb3 Nd5 19. Rb1 Qxd4 20. Qxd4 Bxd4
21. Re4 Nc3 22. Rbe1 Nxe4 23. Rxe4 Bf6 24. Rb4 b6 25. Ne4 Be7 26. Ra4 Rfc8 27.
g4 a5 28. Be3 b5 29. Ra2 a4 30. bxa4 bxa4  0-1

[Event "Frauenbundesliga 2017-2018"]
[Site "Feffernitz, Grieskirchen, St. Veit/Glan"]
[Date "2018.04.07"]
[Round "8"]
[Board "3"]
[White "Horvath, Reka"]
[Black "Zechner, Andrea"]
[Result "1-0"]
[WhiteElo "2053"]
[BlackElo "1818"]
[PlyCount "89"]
[EventDate "2017.11.24"]
[EventType "team"]
[EventRounds "9"]
[EventCountry "AUT"]
[WhiteTeam "ASVOE Pamhagen"]
[BlackTeam "SC Extraherb WS"]

1. e4 c6 2. Nc3 d5 3. Nf3 Bg4 4. h3 Bxf3 5. Qxf3 Nf6 6. exd5 cxd5 7. Bb5+ Nc6
8. O-O e6 9. d3 Be7 10. Ne2 O-O 11. Bf4 a6 12. Ba4 b5 13. Bb3 Qd7 14. c3 Na5
15. Bc2 b4 16. cxb4 Bxb4 17. Be5 Be7 18. Rac1 Rfc8 19. Nf4 Nc6 20. d4 Qb7 21.
Bb3 Ne4 22. Nxd5 Nd2 23. Nxe7+ Qxe7 24. Qc3 Nxf1 25. Kxf1 Na7 26. Qd2 Rxc1+ 27.
Qxc1 Rc8 28. Qf4 Nc6 29. d5 exd5 30. Qg4 Nxe5 31. Qxc8+ Qf8 32. Qxf8+ Kxf8 33.
Bxd5 Nd3 34. Bc4 Nxb2 35. Bxa6 Na4 36. Bc4 Ke7 37. Ke2 f6 38. Kd3 Kd6 39. Kd4
Nc5 40. Bd5 Na4 41. Be4 h6 42. Kc4 Kc7 43. Kb4 Nb2 44. Bc2 Kb6 45. Kc3  1-0

[Event "Frauenbundesliga 2017-2018"]
[Site "Feffernitz, Grieskirchen, St. Veit/Glan"]
[Date "2018.04.07"]
[Round "8"]
[Board "4"]
[White "Majkovski, Sarah"]
[Black "Kosc, Renata"]
[Result "0-1"]
[WhiteElo "1633"]
[BlackElo "1989"]
[PlyCount "116"]
[EventDate "2017.11.24"]
[EventType "team"]
[EventRounds "9"]
[EventCountry "AUT"]
[WhiteTeam "SC Extraherb WS"]
[BlackTeam "ASVOE Pamhagen"]

1. e4 c5 2. Nf3 Nc6 3. Nc3 e6 4. d4 cxd4 5. Nxd4 a6 6. Be3 Nf6 7. f3 Qc7 8. Qd2
Bb4 9. g4 h6 10. h4 d5 11. Rg1 dxe4 12. f4 Nd5 13. Nxc6 Bxc3 14. bxc3 Nxe3 15.
Qxe3 Qxc6 16. Rd1 b6 17. Rg2 Bb7 18. Rgd2 O-O 19. Rd6 Qa4 20. Rxb6 Bd5 21. c4
Bxc4 22. Qd4 Qa5+ 23. c3 Bxf1 24. Kxf1 Qxa2 25. Qxe4 Rfd8 26. Rbd6 Rdc8 27. Rd7
Qc4+ 28. Qxc4 Rxc4 29. R1d4 Rxc3 30. Rb7 Rac8 31. Rdd7 Rf3+ 32. Kg2 Rxf4 33.
Kg3 Rcc4 34. h5 Rxg4+ 35. Kf3 Rgf4+ 36. Kg3 Rg4+ 37. Kf3 Rcf4+ 38. Ke3 Kh7 39.
Ra7 Rf5 40. Rxa6 Rh4 41. Raa7 Rhxh5 42. Rxf7 Rxf7 43. Rxf7 Kg6 44. Rf4 Rf5 45.
Rg4+ Kf6 46. Ke4 g5 47. Rg1 h5 48. Rb1 h4 49. Rb8 Rf4+ 50. Ke3 e5 51. Rf8+ Kg6
52. Re8 Kf5 53. Re7 h3 54. Rh7 Kg4 55. Ke2 Kg3 56. Rc7 h2 57. Rc3+ Kg2 58. Ke3
Rf3+  0-1

[Event "Frauenbundesliga 2017-2018"]
[Site "Feffernitz, Grieskirchen, St. Veit/Glan"]
[Date "2018.04.07"]
[Round "8"]
[Board "1"]
[White "Saler-Grafenberger, Elisabeth"]
[Black "Stangl, Anita"]
[Result "1-0"]
[WhiteElo "1907"]
[BlackElo "2039"]
[PlyCount "81"]
[EventDate "2017.11.24"]
[EventType "team"]
[EventRounds "9"]
[EventCountry "AUT"]
[WhiteTeam "Spg. Steyr"]
[BlackTeam "Schach ohne Grenzen"]

1. c4 e6 2. g3 d5 3. Bg2 c6 4. Nf3 Bd6 5. b3 Nf6 6. O-O O-O 7. d4 Ne4 8. Bb2
Nd7 9. Nbd2 f5 10. e3 Qf6 11. Ne1 Qh6 12. Ndf3 g5 13. Nd3 Ndf6 14. Nde5 Qg7 15.
Nd3 h5 16. Nfe5 g4 17. Nf4 Qh6 18. a4 Re8 19. Nfg6 Bxe5 20. dxe5 Qxg6 21. exf6
Nxf6 22. cxd5 exd5 23. Qd4 Kf7 24. b4 h4 25. Rac1 a6 26. b5 axb5 27. axb5 Bd7
28. bxc6 Bxc6 29. Ra1 Rxa1 30. Rxa1 hxg3 31. hxg3 Ne4 32. Ra7 Qh6 33. Qb6 Qd6
34. Bxe4 Rxe4 35. Rxb7+ Kg6 36. Bd4 Re6 37. Rg7+ Kh6 38. Qb1 Rg6 39. Rf7 Bd7
40. Kg2 Qe6 41. Qh1+  1-0

[Event "Frauenbundesliga 2017-2018"]
[Site "Feffernitz, Grieskirchen, St. Veit/Glan"]
[Date "2018.04.07"]
[Round "8"]
[Board "2"]
[White "Anker, Christin"]
[Black "Bernhard, Julia"]
[Result "0-1"]
[WhiteElo "1809"]
[BlackElo "1803"]
[PlyCount "94"]
[EventDate "2017.11.24"]
[EventType "team"]
[EventRounds "9"]
[EventCountry "AUT"]
[WhiteTeam "Schach ohne Grenzen"]
[BlackTeam "Spg. Steyr"]

1. e4 e5 2. Nf3 Nc6 3. Bc4 Nf6 4. d3 Bc5 5. c3 d6 6. Bb3 Be6 7. Nbd2 a6 8. h3
Qd7 9. Nf1 h6 10. Ng3 g5 11. Bxe6 fxe6 12. Be3 Bxe3 13. fxe3 d5 14. exd5 exd5
15. Qe2 O-O-O 16. O-O-O d4 17. cxd4 exd4 18. e4 Rhe8 19. Qd2 Qe6 20. Kb1 a5 21.
Rc1 Nb4 22. b3 Kb8 23. Rc4 Nc6 24. Kb2 g4 25. hxg4 Nxg4 26. Nf5 Nce5 27. Rc5 b6
28. Nxe5 Nxe5 29. Rxh6 Qd7 30. Rd5 Qc8 31. Rxd8 Rxd8 32. g3 Qa6 33. Kc2 a4 34.
Re6 axb3+ 35. Kxb3 Nxd3 36. Re7 Nc5+ 37. Kb2 Qb5+ 38. Kc2 Qc4+ 39. Kd1 Qf1+ 40.
Kc2 d3+ 41. Kb2 Qe2 42. Kc1 Qf1+ 43. Kb2 Na4+ 44. Ka3 Qe2 45. Qe3 Qc2 46. Nd4
Qc5+ 47. Kxa4 Rxd4+  0-1

[Event "Frauenbundesliga 2017-2018"]
[Site "Feffernitz, Grieskirchen, St. Veit/Glan"]
[Date "2018.04.07"]
[Round "8"]
[Board "3"]
[White "Molnar, Monika"]
[Black "Wunderl, Eva"]
[Result "0-1"]
[WhiteElo "1795"]
[BlackElo "1883"]
[PlyCount "76"]
[EventDate "2017.11.24"]
[EventType "team"]
[EventRounds "9"]
[EventCountry "AUT"]
[WhiteTeam "Spg. Steyr"]
[BlackTeam "Schach ohne Grenzen"]

1. e4 e5 2. Nf3 Nc6 3. Bc4 Bc5 4. d3 Nf6 5. O-O d6 6. h3 a6 7. Nc3 Na5 8. Bg5
Nxc4 9. dxc4 h6 10. Bh4 g5 11. Nxg5 hxg5 12. Bxg5 Rg8 13. h4 Be6 14. Nd5 Bxd5
15. cxd5 Rg6 16. Qf3 Qe7 17. b4 Ba7 18. Qf5 Qd7 19. c4 Nh7 20. Be3 Bxe3 21.
fxe3 Qxf5 22. Rxf5 Ke7 23. Raf1 f6 24. Rh5 Rg7 25. c5 Rag8 26. Rf2 Rf7 27. Kh2
Rg4 28. cxd6+ Kxd6 29. Rf3 Rxe4 30. a3 Kxd5 31. Rg3 Kc4 32. Rg8 Rxe3 33. Rb8 b6
34. Rh8 Nf8 35. Rf5 Rxa3 36. g4 Ng6 37. Rh6 Nf4 38. g5 Rd7  0-1

[Event "Frauenbundesliga 2017-2018"]
[Site "Feffernitz, Grieskirchen, St. Veit/Glan"]
[Date "2018.04.07"]
[Round "8"]
[Board "4"]
[White "Kimpel, Janine"]
[Black "Nagy, Laura"]
[Result "1-0"]
[WhiteElo "1872"]
[BlackElo "1803"]
[PlyCount "87"]
[EventDate "2017.11.24"]
[EventType "team"]
[EventRounds "9"]
[EventCountry "AUT"]
[WhiteTeam "Schach ohne Grenzen"]
[BlackTeam "Spg. Steyr"]

1. e4 e5 2. Nf3 Nc6 3. Bc4 Bc5 4. c3 Nf6 5. d3 d6 6. Bb3 O-O 7. h3 Be6 8. Nbd2
Bxb3 9. axb3 a6 10. Nf1 d5 11. Qe2 h6 12. Ng3 dxe4 13. dxe4 Qd7 14. O-O Qe6 15.
b4 Bb6 16. Nh4 Rfd8 17. Ngf5 Kh7 18. Kh2 Ne7 19. Nxe7 Qxe7 20. Nf5 Qe6 21. Re1
Ng8 22. Kg1 c6 23. h4 g6 24. Ne3 Nf6 25. Qf3 Rd3 26. c4 Bd4 27. Ra3 Rxa3 28.
bxa3 Kg7 29. c5 h5 30. Nc2 Qc4 31. Nxd4 Qxd4 32. Bh6+ Kxh6 33. Qxf6 Qd2 34. Re3
Qd8 35. Qxf7 Qxh4 36. Qxb7 Rf8 37. g3 Qg4 38. Qxa6 Rd8 39. Qe2 Qg5 40. Kh2 h4
41. gxh4 Qf4+ 42. Kg2 Rd4 43. Qf3 Qxh4 44. Qf8+  1-0

[Event "Frauenbundesliga 2017-2018"]
[Site "Feffernitz, Grieskirchen, St. Veit/Glan"]
[Date "2018.04.07"]
[Round "8"]
[Board "1"]
[White "Rozman, Monika"]
[Black "Boric, Elena"]
[Result "0-1"]
[WhiteElo "2136"]
[BlackElo "2179"]
[PlyCount "139"]
[EventDate "2017.11.24"]
[EventType "team"]
[EventRounds "9"]
[EventCountry "AUT"]
[WhiteTeam "SV Chesshero Rapid Feffernitz"]
[BlackTeam "ASVOE Wulkaprodersdorf"]

1. e4 e6 2. d4 d5 3. Nd2 c5 4. exd5 Qxd5 5. Ngf3 cxd4 6. Bc4 Qd6 7. O-O Nf6 8.
Nb3 Nc6 9. Nbxd4 Bd7 10. Re1 Nxd4 11. Nxd4 Be7 12. Bg5 O-O 13. Bb3 Rad8 14. c3
Qc5 15. Be3 Qh5 16. Qxh5 Nxh5 17. Rad1 Rfe8 18. Nf3 b6 19. Ne5 Nf6 20. a4 Kf8
21. h3 h6 22. a5 Bc5 23. Bxc5+ bxc5 24. Nxd7+ Rxd7 25. Rxd7 Nxd7 26. Ba4 Ke7
27. f4 Rb8 28. b3 Nf6 29. f5 Nd5 30. fxe6 fxe6 31. Rd1 Nxc3 32. Rd7+ Kf6 33.
Bc6 Rxb3 34. Rxa7 Ne2+ 35. Kh2 Nd4 36. Be8 Ra3 37. a6 Ke5 38. h4 c4 39. Rc7
Rxa6 40. Rc5+ Kf6 41. Rxc4 Nf5 42. Rf4 Ra2 43. h5 Rd2 44. Bg6 Rd4 45. Rf3 Rh4+
46. Kg1 Rg4 47. Kf2 Kg5 48. g3 Rb4 49. Bf7 Rb2+ 50. Kg1 Kg4 51. Rd3 Re2 52. Kf1
Re5 53. Kf2 Kg5 54. Be8 Rd5 55. Ra3 e5 56. Ra7 Rd2+ 57. Ke1 Rg2 58. Ra5 Rxg3
59. Kf2 Kf4 60. Bg6 Rf3+ 61. Kg1 Ne3 62. Ra7 Kg3 63. Bd3 Ng4 64. Bf1 Kh4 65.
Kg2 Rg3+ 66. Kh1 Nf2+ 67. Kh2 Rg5 68. Be2 Ng4+ 69. Kh1 Kg3 70. Kg1  0-1

[Event "Frauenbundesliga 2017-2018"]
[Site "Feffernitz, Grieskirchen, St. Veit/Glan"]
[Date "2018.04.07"]
[Round "8"]
[Board "2"]
[White "Moerwald, Magdalena"]
[Black "Sommer, Hannah"]
[Result "0-1"]
[WhiteElo "1798"]
[BlackElo "1779"]
[PlyCount "98"]
[EventDate "2017.11.24"]
[EventType "team"]
[EventRounds "9"]
[EventCountry "AUT"]
[WhiteTeam "ASVOE Wulkaprodersdorf"]
[BlackTeam "SV Chesshero Rapid Feffernitz"]

1. e4 c5 2. Nf3 Nc6 3. d4 cxd4 4. Nxd4 e6 5. Be3 Nf6 6. Nc3 Be7 7. Be2 O-O 8.
Qd2 a6 9. a3 Qc7 10. Nb3 b5 11. O-O d6 12. Rfd1 Bb7 13. f3 Rfd8 14. a4 b4 15.
Na2 d5 16. e5 Nd7 17. f4 Nb6 18. Bxb6 Qxb6+ 19. Kh1 Rac8 20. Nac1 Na5 21. Nxa5
Qxa5 22. Nb3 Qc7 23. Bd3 a5 24. Qe3 Ra8 25. Rf1 Ba6 26. Rfc1 Bc4 27. Qh3 h6 28.
Nd2 Rac8 29. Bxc4 dxc4 30. Ne4 Rd4 31. Qe3 Bc5 32. Nxc5 Qxc5 33. Qf3 Rcd8 34.
Rd1 Qd5 35. Qxd5 R8xd5 36. Rxd4 Rxd4 37. g3 Rd2 38. Rc1 Kf8 39. b3 c3 40. Kg1
Ke7 41. h3 Kd7 42. g4 Kc6 43. f5 exf5 44. gxf5 Re2 45. f6 g6 46. e6 Rxe6 47.
Rf1 Re2 48. Rf2 Rxf2 49. Kxf2 Kd5  0-1

[Event "Frauenbundesliga 2017-2018"]
[Site "Feffernitz, Grieskirchen, St. Veit/Glan"]
[Date "2018.04.07"]
[Round "8"]
[Board "3"]
[White "Zoehrer, Sarah"]
[Black "Moerwald, Miriam"]
[Result "0-1"]
[WhiteElo "1735"]
[BlackElo "1625"]
[PlyCount "116"]
[EventDate "2017.11.24"]
[EventType "team"]
[EventRounds "9"]
[EventCountry "AUT"]
[WhiteTeam "SV Chesshero Rapid Feffernitz"]
[BlackTeam "ASVOE Wulkaprodersdorf"]

1. e4 c6 2. d4 d5 3. e5 Bf5 4. f4 e6 5. Nf3 c5 6. c3 Nh6 7. Qa4+ Qd7 8. Bb5 Nc6
9. Be3 c4 10. b3 cxb3 11. axb3 a6 12. c4 Rc8 13. Bxc6 Rxc6 14. c5 Be7 15. O-O
O-O 16. Nbd2 Bg6 17. b4 Bd3 18. Rfc1 Nf5 19. Bf2 Bb5 20. Qa3 Ra8 21. g4 Nh6 22.
g5 Nf5 23. Nh4 Nxh4 24. Bxh4 h6 25. Qg3 hxg5 26. fxg5 Qd8 27. Qf4 Bd3 28. Rc3
Bg6 29. Rf3 b6 30. Rfa3 bxc5 31. bxc5 Qc8 32. Qf1 Kh8 33. Nf3 Ra7 34. Ne1 Bf5
35. Nd3 Qd8 36. Nb4 Rc8 37. Rg3 a5 38. Nd3 Qg8 39. Qe1 Qh7 40. Rf3 Bxd3 41.
Rxf7 Bg6 42. Rf3 a4 43. Qe3 Bf5 44. Rf4 Qg6 45. Rf2 Rb8 46. Rfa2 Rb1+ 47. Rxb1
Bxb1 48. Ra3 Bf5 49. Qc1 Qh5 50. Qf4 Qg4+ 51. Qxg4 Bxg4 52. Kf2 Bd1 53. Ke3 Kh7
54. g6+ Kxg6 55. Bxe7 Rxe7 56. Rc3 Kf5 57. c6 Rc7 58. Kd2 Bb3  0-1

[Event "Frauenbundesliga 2017-2018"]
[Site "Feffernitz, Grieskirchen, St. Veit/Glan"]
[Date "2018.04.07"]
[Round "8"]
[Board "4"]
[White "Tschida, Verena"]
[Black "Sommer, Milena"]
[Result "1-0"]
[WhiteElo "1600"]
[BlackElo "1609"]
[PlyCount "105"]
[EventDate "2017.11.24"]
[EventType "team"]
[EventRounds "9"]
[EventCountry "AUT"]
[WhiteTeam "ASVOE Wulkaprodersdorf"]
[BlackTeam "SV Chesshero Rapid Feffernitz"]

1. d4 d5 2. c4 e6 3. Nf3 Nf6 4. Bg5 Be7 5. Nc3 O-O 6. e3 b6 7. cxd5 Nxd5 8.
Bxe7 Qxe7 9. Be2 Bb7 10. O-O Nd7 11. Rc1 Rac8 12. Qa4 a5 13. Rfd1 Rfd8 14. Nb5
c5 15. a3 Bc6 16. Qb3 Bb7 17. Rd2 cxd4 18. Rxc8 Rxc8 19. Nfxd4 Nc5 20. Qd1 Ne4
21. Rc2 Rxc2 22. Qxc2 Nc5 23. Bf3 Qg5 24. Nd6 Ba8 25. Nb3 Nxe3 26. fxe3 Bxf3
27. Qf2 Nxb3 28. Qxf3 Qe7 29. Qc6 h6 30. Qxb6 a4 31. Qb8+ Kh7 32. Qb4 Qa7 33.
Qe4+ Kg8 34. Nb5 Qa5 35. Nc3 Nc5 36. Qb4 Qxb4 37. axb4 Na6 38. b5 Nc5 39. b6
Kf8 40. Nxa4 Nb7 41. Kf2 Ke7 42. Ke2 Kd6 43. Kd3 Kd5 44. b4 Kc6 45. Nc5 Kxb6
46. Nxb7 Kxb7 47. Kc4 Kb6 48. b5 g5 49. e4 f6 50. g4 e5 51. h3 Kb7 52. Kd5 Kb6
53. Ke6  1-0

[Event "Frauenbundesliga 2017-2018"]
[Site "Feffernitz, Grieskirchen, St. Veit/Glan"]
[Date "2018.04.08"]
[Round "9"]
[Board "1"]
[White "Boric, Elena"]
[Black "Schnegg, Anna-Lena"]
[Result "1/2-1/2"]
[WhiteElo "2179"]
[BlackElo "2140"]
[PlyCount "62"]
[EventDate "2017.11.24"]
[EventType "team"]
[EventRounds "9"]
[EventCountry "AUT"]
[WhiteTeam "ASVOE Wulkaprodersdorf"]
[BlackTeam "Mayrhofen/SK Zell/Zillertal"]

1.Nf3 c5 2.g3 Nc6 3.Bg2 g6 4.O-O Bg7 5.e4 d6 6.Nc3 e5 7.d3 Nge7 8.Nh4 Be6 9.f4 exf4
10.Bxf4 h6 11.Be3 O-O 12.Qd2 Kh7 13.Ne2 Qa5 14.Qxa5 Nxa5 15.c3 Rac8 16.Nf4 Bd7 17.Nd5
Nxd5 18.exd5 b6 19.Rae1 Rce8 20.Bd2 Rxe1 21.Rxe1 Re8 22.Rxe8 Bxe8 23.Kf2 Bd7 24.Nf3
Bf5 25.Bf1 Nb7 26.h3 h5 27.Bf4 f6 28.h4 Bh6 29.Ke3 Bxf4+ 30.Kxf4 Kh6 31.Nd2 Nd8 1/2-1/2

[Event "Frauenbundesliga 2017-2018"]
[Site "Feffernitz, Grieskirchen, St. Veit/Glan"]
[Date "2018.04.08"]
[Round "9"]
[Board "2"]
[White "Wu, Min"]
[Black "Moerwald, Magdalena"]
[Result "1/2-1/2"]
[WhiteElo "1948"]
[BlackElo "1798"]
[PlyCount "64"]
[EventDate "2017.11.24"]
[EventType "team"]
[EventRounds "9"]
[EventCountry "AUT"]
[WhiteTeam "Mayrhofen/SK Zell/Zillertal"]
[BlackTeam "ASVOE Wulkaprodersdorf"]

1.Nf3 Nf6 2.g3 g6 3.b3 Bg7 4.Bb2 O-O 5.Bg2 d5 6.O-O c5 7.d4 cxd4 8.Nxd4 Nc6 9.Nxc6
bxc6 10.Qc1 Bb7 11.Nd2 Rc8 12.c4 Qd7 13.Qc2 Rfd8 14.e3 e6 15.Rfd1 Qe7 16.Rac1 Ne8
17.Bxg7 Nxg7 18.Qb2 Nf5 19.e4 dxe4 20.Nxe4 e5 21.c5 Ba6 22.Bh3 Rb8 23.Bxf5 gxf5 24.Nd6
Qe6 25.Re1 f6 26.Qc2 e4 27.Qd2 Qe5 28.Qa5 Rxd6 29.Qxa6 Rd2 30.Qxc6 Rxa2 31.Qd6 Qxd6
32.cxd6 Rd2 1/2-1/2

[Event "Frauenbundesliga 2017-2018"]
[Site "Feffernitz, Grieskirchen, St. Veit/Glan"]
[Date "2018.04.08"]
[Round "9"]
[Board "3"]
[White "Unger, Eva"]
[Black "Mayrhuber, Nikola"]
[Result "0-1"]
[WhiteElo "1757"]
[BlackElo "2061"]
[PlyCount "82"]
[EventDate "2017.11.24"]
[EventType "team"]
[EventRounds "9"]
[EventCountry "AUT"]
[WhiteTeam "ASVOE Wulkaprodersdorf"]
[BlackTeam "Mayrhofen/SK Zell/Zillertal"]

1.d4 d5 2.Nf3 Nf6 3.c4 dxc4 4.Qa4+ c6 5.Qxc4 Bf5 6.e3 Nbd7 7.Bd3 Bxd3 8.Qxd3 e6 9.Nc3
Bb4 10.O-O O-O 11.a3 Ba5 12.b4 Bc7 13.Bb2 Qe7 14.Qc2 e5 15.e4 exd4 16.Nxd4 Qd6 17.Nf3
Ne5 18.Nxe5 Qxe5 19.g3 Qh5 20.f3 Rad8 21.Rad1 Rxd1 22.Nxd1 Bb6+ 23.Kg2 Qh6 24.Nf2
Rd8 25.Qe2 Rd2 26.Bc1 Rxe2 27.Bxh6 gxh6 28.g4 Nd7 29.h4 Ne5 30.Kg3 Rxf2 31.Rxf2 Bxf2+
32.Kxf2 Nc4 33.a4 Nb2 34.Ke3 Nxa4 35.Kd4 Kf8 36.f4 Ke7 37.g5 hxg5 38.hxg5 Nb6 39.f5
Nd7 40.e5 b6 41.Ke4 a5 0-1

[Event "Frauenbundesliga 2017-2018"]
[Site "Feffernitz, Grieskirchen, St. Veit/Glan"]
[Date "2018.04.08"]
[Round "9"]
[Board "4"]
[White "Schloffer, Jasmin-Denise"]
[Black "Moerwald, Miriam"]
[Result "1-0"]
[WhiteElo "2109"]
[BlackElo "1625"]
[PlyCount "59"]
[EventDate "2017.11.24"]
[EventType "team"]
[EventRounds "9"]
[EventCountry "AUT"]
[WhiteTeam "Mayrhofen/SK Zell/Zillertal"]
[BlackTeam "ASVOE Wulkaprodersdorf"]

1.d4 Nf6 2.c4 g6 3.Nc3 Bg7 4.e4 d6 5.f3 O-O 6.Be3 Nfd7 7.Nge2 c5 8.Qd2 Nc6 9.Rc1 Re8
10.b3 b6 11.g3 Nf6 12.d5 Ne5 13.Bg2 a6 14.O-O Rb8 15.a4 Kh8 16.h3 Ng8 17.f4 Nd7 18.g4
a5 19.Rce1 Rb7 20.Nc1 Nb8 21.Nd3 e6 22.dxe6 Bxe6 23.Nc1 Rd7 24.f5 Bxc4 25.bxc4 Nf6
26.g5 Nh5 27.f6 Bf8 28.N1e2 Nc6 29.Nd5 Ne5 30.Qc2 1-0

[Event "Frauenbundesliga 2017-2018"]
[Site "Feffernitz, Grieskirchen, St. Veit/Glan"]
[Date "2018.04.08"]
[Round "9"]
[Board "1"]
[White "Stangl, Anita"]
[Black "Rozman, Monika"]
[Result "0-1"]
[WhiteElo "2039"]
[BlackElo "2136"]
[PlyCount "66"]
[EventDate "2017.11.24"]
[EventType "team"]
[EventRounds "9"]
[EventCountry "AUT"]
[WhiteTeam "Schach ohne Grenzen"]
[BlackTeam "SV Chesshero Rapid Feffernitz"]

1.e4 c5 2.Nf3 d6 3.d4 cxd4 4.Nxd4 Nf6 5.Nc3 a6 6.Bc4 e6 7.a3 Be7 8.Nde2 b5 9.Ba2 Bb7
10.Ng3 h5 11.h4 Nc6 12.Bg5 Qa5 13.O-O g6 14.Bxf6 Bxf6 15.Qxd6 Rd8 16.Qf4 Be5 17.Qg5
Qc7 18.Rad1 Bf4 19.Qc5 Bd6 20.Qe3 O-O 21.Nce2 Be7 22.Nf5 exf5 23.exf5 Kh7 24.Rxd8
Bxd8 25.g3 Qe5 26.fxg6+ fxg6 27.Qd3 Qg7 28.Nf4 Ne5 29.Nxh5 Nxd3 30.Nxg7 Nxf2 31.Ne6
Nh3+ 32.Kh2 Rxf1 33.Nxd8 Rh1# 0-1

[Event "Frauenbundesliga 2017-2018"]
[Site "Feffernitz, Grieskirchen, St. Veit/Glan"]
[Date "2018.04.08"]
[Round "9"]
[Board "2"]
[White "Tscharnuter, Alexandra"]
[Black "Anker, Christin"]
[Result "1/2-1/2"]
[WhiteElo "1726"]
[BlackElo "1809"]
[PlyCount "60"]
[EventDate "2017.11.24"]
[EventType "team"]
[EventRounds "9"]
[EventCountry "AUT"]
[WhiteTeam "SV Chesshero Rapid Feffernitz"]
[BlackTeam "Schach ohne Grenzen"]

1.e4 e5 2.Nf3 Nc6 3.Bb5 a6 4.Bxc6 dxc6 5.O-O Bg4 6.h3 h5 7.d3 Qf6 8.Be3 Bxf3 9.Qxf3
Qxf3 10.gxf3 Bd6 11.Nd2 Ne7 12.Nc4 Ng6 13.Kh2 O-O-O 14.Rg1 Be7 15.Rg3 Bf6 16.Bg5 Bxg5
17.Rxg5 Rde8 18.Rag1 Re7 19.R1g3 b5 20.Ne3 Rd7 21.Nf5 Rh7 22.b4 Kb7 23.Rg1 Kb6 24.Rd1
c5 25.a3 c4 26.Rg3 c5 27.Ne3 Nf4 28.dxc4 Rxd1 29.Nxd1 bxc4 30.Nc3 cxb4 1/2-1/2

[Event "Frauenbundesliga 2017-2018"]
[Site "Feffernitz, Grieskirchen, St. Veit/Glan"]
[Date "2018.04.08"]
[Round "9"]
[Board "3"]
[White "Wunderl, Eva"]
[Black "Zoehrer, Sarah"]
[Result "1-0"]
[WhiteElo "1883"]
[BlackElo "1735"]
[PlyCount "55"]
[EventDate "2017.11.24"]
[EventType "team"]
[EventRounds "9"]
[EventCountry "AUT"]
[WhiteTeam "Schach ohne Grenzen"]
[BlackTeam "SV Chesshero Rapid Feffernitz"]

1.e4 c5 2.Nf3 b6 3.Nc3 Bb7 4.g3 a6 5.Bg2 e6 6.O-O Ne7 7.d4 cxd4 8.Nxd4 Ng6 9.Be3 Bc5
10.Na4 Be7 11.Ne2 Bc5 12.Bxc5 bxc5 13.Nxc5 Bc6 14.Nd4 Qb6 15.Nxc6 Qxc5 16.Nd4 h5 17.h4
Ra7 18.Nb3 Qc7 19.Qd4 e5 20.Qd2 a5 21.Rad1 a4 22.Nc1 Nc6 23.c3 Nf8 24.Bh3 Na5 25.Qd5
Rb7 26.Nd3 Nc4 27.Nc5 d6 28.Nxb7 1-0

[Event "Frauenbundesliga 2017-2018"]
[Site "Feffernitz, Grieskirchen, St. Veit/Glan"]
[Date "2018.04.08"]
[Round "9"]
[Board "4"]
[White "Sommer, Milena"]
[Black "Kimpel, Janine"]
[Result "0-1"]
[WhiteElo "1609"]
[BlackElo "1872"]
[PlyCount "64"]
[EventDate "2017.11.24"]
[EventType "team"]
[EventRounds "9"]
[EventCountry "AUT"]
[WhiteTeam "SV Chesshero Rapid Feffernitz"]
[BlackTeam "Schach ohne Grenzen"]

1.e4 Nf6 2.Nc3 d5 3.exd5 Nxd5 4.Bc4 Nb6 5.Bb3 e6 6.Nf3 Nc6 7.O-O Be7 8.d3 O-O 9.Re1
Na5 10.Bf4 Bf6 11.Be5 Nxb3 12.axb3 Bxe5 13.Nxe5 f6 14.Nc4 Nd5 15.Qd2 a6 16.Nxd5 exd5
17.Ne3 Qd6 18.c3 Bd7 19.Re2 f5 20.Rae1 f4 21.Nc2 Rf6 22.d4 Raf8 23.f3 Rg6 24.c4 b6
25.Qb4 Qc6 26.Re5 dxc4 27.bxc4 Qxf3 28.Qd2 Qg4 29.R5e4 Rgf6 30.Rf1 Qg6 31.Qe2 f3 32.Qf2
Qxe4 0-1

[Event "Frauenbundesliga 2017-2018"]
[Site "Feffernitz, Grieskirchen, St. Veit/Glan"]
[Date "2018.04.08"]
[Round "9"]
[Board "1"]
[White "Mar, Karmen"]
[Black "Saler-Grafenberger, Elisabeth"]
[Result "1-0"]
[WhiteElo "2047"]
[BlackElo "1907"]
[PlyCount "91"]
[EventDate "2017.11.24"]
[EventType "team"]
[EventRounds "9"]
[EventCountry "AUT"]
[WhiteTeam "SC Extraherb WS"]
[BlackTeam "Spg. Steyr"]

1.e4 d6 2.d4 Nf6 3.Nc3 e5 4.Nf3 Nbd7 5.Bc4 Be7 6.O-O O-O 7.a4 c6 8.Re1 Qc7 9.b3 a6
10.Bb2 exd4 11.Nxd4 Ne5 12.Be2 Bd7 13.h3 Ng6 14.Bf1 Qa5 15.Qd2 Rad8 16.Ba3 Rfe8 17.b4
Qc7 18.Nf3 Ne5 19.Nxe5 dxe5 20.Qe3 Be6 21.Bd3 Nh5 22.Ne2 h6 23.Qf3 Nf4 24.Nxf4 exf4
25.e5 Rd4 26.Bb2 Rxb4 27.Bc3 Bd5 28.Qh5 f3 29.g3 Be6 30.Qxf3 Qc8 31.Bxb4 Bxb4 32.Re2
Bf8 33.g4 Qd8 34.Qe4 g6 35.Bc4 Qh4 36.Bxe6 Rxe6 37.Kg2 Bc5 38.Rd1 b5 39.axb5 cxb5
40.Qd5 Bf8 41.Qa8 Qe7 42.Rd8 Qc5 43.Red2 Qc6+ 44.Qxc6 Rxc6 45.Ra8 Kg7 46.Rdd8 1-0